[Event "Regionalliga SW 0304"]
[Site "Bayern"]
[Date "2004.02.15"]
[Round "6.6"]
[White "Hornung, Hans"]
[Black "Scharl, Walter"]
[Result "1-0"]
[WhiteElo "1992"]
[BlackElo "1950"]
[PlyCount "53"]
[EventDate "2003.10.??"]
[EventType "team"]
[EventRounds "9"]
[EventCountry "GER"]
[SourceTitle "EXT 2006"]
[Source "ChessBase"]
[SourceDate "2005.11.24"]
[SourceVersion "1"]
[SourceVersionDate "2005.11.24"]
[SourceQuality "1"]
[WhiteTeam "Klosterlechfeld"]
[BlackTeam "Muenchen Suedost"]
[WhiteTeamCountry "GER"]
[BlackTeamCountry "GER"]

1. Nf3 d5 2. c4 d4 3. g3 c5 4. b4 cxb4 5. a3 bxa3 6. Bxa3 Nc6 7. Bg2 e5 8. Bxf8 Kxf8 9. d3 Nge7 10. 0-0 Bg4 11. Nbd2 Qd7 12. Qb3 Rb8 13. Rfb1 h5 14. h4 Rh6 15. Rb2 f6 16. Ne4 b6 17. Qc2 a5 18. Rb5 Nb4 19. Qb2 Qe8 20. Nd6 Qd8 21. c5 Ned5 22. Qb3 Be6 23. Rxb4 axb4 24. Nxd4 exd4 25. Bxd5 Bxd5 26. Qxd5 Qe7 27. Ra8 1-0

[Event "Regionalliga SW 0102"]
[Site "Bayern"]
[Date "2001.11.25"]
[Round "3.5"]
[White "Scharl, Walter"]
[Black "Steiger, Walfried"]
[Result "0-1"]
[WhiteElo "1980"]
[BlackElo "1910"]
[PlyCount "110"]
[EventDate "2001.10.07"]
[EventType "team"]
[EventRounds "9"]
[EventCountry "GER"]
[SourceTitle "EXT 2003"]
[Source "ChessBase"]
[SourceDate "2002.11.25"]
[SourceVersion "1"]
[SourceVersionDate "2002.11.25"]
[SourceQuality "1"]
[WhiteTeam "Muenchen Suedost"]
[BlackTeam "Bobingen"]
[WhiteTeamCountry "GER"]
[BlackTeamCountry "GER"]

1. e4 e6 2. d4 d5 3. Nc3 Bb4 4. e5 c5 5. a3 Bxc3+ 6. bxc3 Qc7 7. Qg4 f5 8. Qh5+ g6 9. Qd1 Bd7 10. Nf3 cxd4 11. cxd4 Ba4 12. Bd3 Qc3+ 13. Bd2 Qxd3 14. cxd3 Bxd1 15. Kxd1 Nc6 16. Rb1 b6 17. Ke2 Nge7 18. Rhc1 Kd7 19. Rc2 Rhc8 20. Rbc1 Nd8 21. Bg5 Rxc2+ 22. Rxc2 Nec6 23. Bd2 Nf7 24. h4 h6 25. Rc1 Rc8 26. Rg1 Ne7 27. g4 Rc2 28. gxf5 exf5 29. Ke3 a5 30. Rb1 Kc7 31. Kf4 g5+ 32. hxg5 hxg5+ 33. Ke3 g4 34. Ne1 Ra2 35. Bc1 Ng5 36. Bb2 Ne6 37. Rc1+ Kd7 38. Rc2 b5 39. Ng2 b4 40. axb4 axb4 41. Nf4 b3 42. Re2 Nxf4 43. Kxf4 Ke6 44. f3 gxf3 45. Kxf3 Nc6 46. Ke3 Nb4 47. Rh2 f4+ 48. Kxf4 Nxd3+ 49. Ke3 Nxb2 50. Rh6+ Kf7 51. Rh7+ Kf8 52. Kf4 Nd3+ 53. Kf5 b2 54. Kf6 Ra6+ 55. e6 Rxe6+ 0-1

[Event "Regionalliga SW 9798"]
[Site "Bayern"]
[Date "1998.??.??"]
[Round "?.3"]
[White "Fischer, Michael"]
[Black "Scharl, Walter"]
[Result "1/2-1/2"]
[WhiteElo "2005"]
[BlackElo "2010"]
[PlyCount "39"]
[EventDate "1997.10.??"]
[EventType "team-tourn"]
[EventRounds "9"]
[EventCountry "GER"]
[SourceTitle "EXT 2020"]
[Source "ChessBase"]
[SourceDate "2019.10.17"]
[SourceVersion "1"]
[SourceVersionDate "2019.10.17"]
[SourceQuality "1"]
[WhiteTeam "Noerdlingen"]
[BlackTeam "Muenchen Suedost"]
[WhiteTeamCountry "GER"]
[BlackTeamCountry "GER"]

1. e4 c5 2. c3 d5 3. exd5 Qxd5 4. d4 Nc6 5. Nf3 Nf6 6. Be2 e6 7. 0-0 Qd8 8. Bg5 cxd4 9. cxd4 Be7 10. Nc3 0-0 11. a3 Nd5 12. Bxe7 Ncxe7 13. Qd2 b6 14. Ne5 Bb7 15. Rac1 Nf5 16. Nxd5 Bxd5 17. Rc3 Bb7 18. Rd1 Qd6 19. Nc4 Qd7 20. Ne5 1/2-1/2

[Event "Regionalliga SW 9899"]
[Site "Bayern"]
[Date "1998.??.??"]
[Round "3.6"]
[White "Scharl, Walter"]
[Black "Schamberger, Alfons"]
[Result "1/2-1/2"]
[WhiteElo "2000"]
[BlackElo "2060"]
[PlyCount "35"]
[EventDate "1998.??.??"]
[EventType "team-tourn"]
[EventRounds "9"]
[EventCountry "GER"]
[SourceTitle "EXT 2020"]
[Source "ChessBase"]
[SourceDate "2019.10.17"]
[SourceVersion "1"]
[SourceVersionDate "2019.10.17"]
[SourceQuality "1"]
[WhiteTeam "Muenchen Suedost"]
[BlackTeam "Sendling"]
[WhiteTeamCountry "GER"]
[BlackTeamCountry "GER"]

1. e4 c5 2. b4 b6 3. bxc5 bxc5 4. Bc4 Bb7 5. Nc3 e6 6. Nf3 Be7 7. 0-0 d6 8. Rb1 Qc8 9. d4 cxd4 10. Qxd4 Nf6 11. Bb5+ Bc6 12. Ba3 0-0 13. Qa4 a6 14. Bxc6 Nxc6 15. Rb6 Nd8 16. Qb3 Nd7 17. Na4 Nc6 18. Qc3 1/2-1/2